X Cities: Sudden Death - Statistics

General Stats
  • This quiz has been taken 46 times
  • The average score is 3 of 6
Answers on the Grid
Answers color-coded by a green-red scale on the quiz's grid according to % correct below.
Xi'an
Xenu
Xi
Xiamen
Xico
Xanax
Xeljanz
Xinyang
Xyzal
Xylitol
Xenon
Xochimilco
Xylem
Xuchang
Xenophobe
Xanthan
 
Answer Stats
Answer % Correct
Xi'an
97%
Xiamen
71%
Xinyang
60%
Xuchang
51%
Xochimilco
34%
Xico
9%
No matching quizzes found
Score Distribution
Percent of People with Each Score
Percentile by Number Answered
Your Score History
You have not taken this quiz